000 00622nam a2200169 i 4500
001 43536
003 ES-MaACL
005 20231224062918.0
007 t|
008 030318q1956 sp ||||1| spa d
100 1 _aCastro Villacañas, Antonio,
_d1925-2016
_936961
245 1 4 _aUna visión falangista del futuro de España
_b: Conferencia pronunciada en la Tribuna "Alejandro Salazar" el 11 de noviembre de 1956 /
_cpor Antonio Castro Villacañas.
260 _aMadrid :
_b[s.n.,
_c1956?] (
_fGráfs. Herpul)
300 _a31 p. ;
_c18 cm.
852 _aES-MaACL
_j1987-F-17
_bR.41148
999 _c43536
_d43536